000
00302nam a2200121Ia 4500
008
191201s2011 xx 000 0 und d
100
_a
KELLY, S Graham
245
0
_a
Mechanical Vibrations Schaum's Outlines
260
_a
N. Delhi
_b
TMH
_c
2011
300
_a
Misc
650
_a
B.Tech(ME)
942
_2
ddc
_c
BK
999
_c
6130
_d
6130